Statistics for Must Know Geography Knowledge #4

Click here to take the quiz!

General Stats

  • This quiz has been taken 50 times
    (32 since last reset)
  • The average score is 6 of 10

Answer Stats

QuestionAnswer% Correct
Country which officially owns GreenlandDenmark
92%
Least populous country in the U.KNorthern Ireland
92%
Capital of IndonesiaJakarta
83%
Southernmost state in the U.S.AHawaii
79%
Happiest CountryFinland
75%
Country furthest from any other countryNew Zealand
42%
Saddest CountryAfghanistan
33%
Countries which have the lowest point (420m below sea level)Israel | Jordan
33%
Country with the weakest currency (1=£0.000019)Iran
21%
Countries with the worlds shortest border (74m)Spain | Morocco
13%

Score Distribution

Percentile by Number Answered

Percent of People with Each Score

Your Score History

You have not taken this quiz since the last reset